Out of Iran : one woman's escape from the Ayatollahs /

Bibliographic Details
Main Author: Azadi, Sousan
Other Authors: Ferrante, Angela
Format: Book
Language:English
Published: London : Macdonald, ©1987.
Subjects:

MARC

Tag First Indicator Second Indicator Subfields
LEADER 00000cam a2200000 a 4500
001 in00000033086
005 20240417170907.0
008 890323s1987 enk 000 0aeng
010 |a  88101682  
015 |a GB8705649  |2 bnb 
019 |a 15591542 
020 |a 0356143333 
020 |a 9780356143330 
029 1 |a AU@  |b 000005246503 
029 1 |a DEBBG  |b BV005160995 
029 1 |a NZ1  |b 5067952 
029 1 |a NZ1  |b 229107 
035 |a (OCoLC)ocm19521048  
035 |a (OCoLC)19521048  |z (OCoLC)15591542 
035 |a (OCoLC)ocm19521048  
040 |a DLC  |b eng  |c DLC  |d UKM  |d OCL  |d BTCTA  |d DEBBG  |d OCLCO  |d OCLCF  |d OCLCO  |d OCLCQ  |d OCLCA  |d OCL  |d OCLCO  |d UNITY  |d OCLCO  |d OCLCL  |d OCLCQ  |d OCLCL 
043 |a a-ir--- 
050 0 0 |a DS259.2  |b .A93 1987 
082 0 0 |a 955/.053/0924  |2 19 
084 |a MH 68065  |2 rvk 
084 |a B/AZA  |2 bcmc 
100 1 |a Azadi, Sousan. 
245 1 0 |a Out of Iran :  |b one woman's escape from the Ayatollahs /  |c Sousan Azadi with Angela Ferrante. 
260 |a London :  |b Macdonald,  |c ©1987. 
300 |a 327 pages ;  |c 22 cm 
336 |a text  |b txt  |2 rdacontent 
337 |a unmediated  |b n  |2 rdamedia 
338 |a volume  |b nc  |2 rdacarrier 
651 0 |a Iran  |x Description and travel. 
600 1 0 |a Azadi, Sousan. 
650 0 |a Women  |z Iran  |v Biography. 
651 4 |a Iran  |x Social life and customs. 
651 6 |a Iran  |x Descriptions et voyages. 
650 6 |a Femmes  |z Iran  |v Biographies. 
600 1 7 |a Azadi, Sousan.  |2 fast  |0 (OCoLC)fst00233002  |1 https://id.oclc.org/worldcat/entity/E39PBJvMw4qkjdp4jW4HGGqWjC 
650 7 |a Travel.  |2 fast  |0 (OCoLC)fst01155558 
650 7 |a Women.  |2 fast  |0 (OCoLC)fst01176568 
651 7 |a Iran.  |2 fast  |0 (OCoLC)fst01204889  |1 https://id.oclc.org/worldcat/entity/E39PBJtrYvcVTwChrDqytBvJXd 
650 7 |a Autobiografie  |2 gnd 
650 7 |a Erlebnisbericht  |2 gnd 
650 7 |a Frau  |2 gnd 
600 1 7 |a Azadi, Sousan.  |2 swd 
651 7 |a Iran  |x Revolution (1978-1979)  |2 swd 
653 |a Iran  |a Social life, ca 1970-1980 - Personal observations 
655 7 |a Biographies.  |2 fast  |0 (OCoLC)fst01919896 
700 1 |a Ferrante, Angela. 
758 |i has work:  |a Out of Iran (Text)  |1 https://id.oclc.org/worldcat/entity/E39PCFwFrqy9kfYqpthH7Cvm3P  |4 https://id.oclc.org/worldcat/ontology/hasWork 
938 |a Baker and Taylor  |b BTCP  |n 88101682 //r93  |c £10.95 
948 |h HELD BY TXA - 95 OTHER HOLDINGS 
994 |a Z0  |b TXA 
999 f f |s c6231fd3-82c6-3c94-aa4a-a7961f3ca5d2  |i b00677b5-2c53-3b06-8e30-15b1ba069411  |t 0 
952 f f |p ric  |a Texas A&M University  |b Rellis Campus  |c Joint Library Facility  |s JLF  |d Remote Storage  |t 0  |e DS316.4 .A92 1987  |h Library of Congress classification  |i unmediated -- volume  |m A14811111099